00289nam a2200121Ia 45000030006000000080041000060400015000471000017000622450028000792600031001075460012001380050017001500STCL150530s9999 xx 000 0 und d aSTCLcSTCL aAcheson Dean aPresent at the creation bNew American libraryc1969 aEnglish20220125171504.0